000 00780nam a22002177a 4500
005 20100810144914.0
010 _aENG-99445
020 _a8174503315
_c60.00
035 _aEN-82977
037 _bDBAD/PUB
082 _a510
100 _aHukum Singh
_910301
245 _aA hand book for designing mathematics laboratory in schools /
_cby Hukum Singh ,Ram Avtar [and] V.P Singh
260 _aNew Delhi
_bNational Council Of Educational Research And Training
_c2005
270 _aSri Aurobindo Marg
_bNew Delhi
_e110016
300 _a185p.
_c22cm (pbk)
700 _aAvtar Ram
_910277
700 _aV.P.Singh
_910278
942 _2ddc
_cEN
_h510
_mHUK
999 _c40721
_d40721